[Event "Montreal Mercredi 10"]
[Site "Montreal"]
[Date "2007.10.17"]
[Round "2"]
[White "Bolduc, Rene"]
[Black "Rivas, Carlos Genin"]
[Result "0-1"]
[WhiteElo "1454"]
[BlackElo "1462"]
[PlyCount "84"]
[EventDate "2007.10.10"]
[EventType "swiss"]
[EventRounds "5"]
[EventCountry "CAN"]
[SourceTitle "EXT 2022"]
[Source "ChessBase"]
[SourceDate "2021.10.06"]
[SourceVersion "1"]
[SourceVersionDate "2021.10.06"]
[SourceQuality "1"]

1. d4 c5 2. Nf3 cxd4 3. Nxd4 Nc6 4. e4 e6 5. a3 Nf6 6. Nc3 d5 7. Nxc6 bxc6 8. Bg5 Be7 9. Bd3 d4 10. Ne2 Qa5+ 11. Bd2 Qb6 12. b4 0-0 13. 0-0 e5 14. c4 c5 15. Ng3 Rb8 16. b5 Bd7 17. a4 a5 18. Qe1 Ra8 19. f4 Bd6 20. fxe5 Bxe5 21. Nf5 Kh8 22. Ra2 Bxf5 23. Rxf5 Rfe8 24. Qh4 Re6 25. Bf4 Bxf4 26. Qxf4 g6 27. Re5 Rae8 28. Rxe6 Qxe6 29. Re2 Qe5 30. Qxe5 Rxe5 31. b6 Re7 32. Rb2 Rb7 33. e5 Nd7 34. Rb5 Rxb6 35. Rxa5 Nxe5 36. Bf1 d3 37. Rb5 d2 38. Be2 Rd6 39. Bd1 Nxc4 40. Kf2 Re6 41. Rxc5 Nb2 42. Rd5 Nxd1+ 0-1

[Event "Montreal Mercredi 10"]
[Site "Montreal"]
[Date "2007.10.10"]
[Round "1"]
[White "Rivas, Carlos Genin"]
[Black "Neumark Gaudet, Zev"]
[Result "1/2-1/2"]
[WhiteElo "1462"]
[BlackElo "1462"]
[PlyCount "46"]
[EventDate "2007.10.10"]
[EventType "swiss"]
[EventRounds "5"]
[EventCountry "CAN"]
[SourceTitle "EXT 2022"]
[Source "ChessBase"]
[SourceDate "2021.10.06"]
[SourceVersion "1"]
[SourceVersionDate "2021.10.06"]
[SourceQuality "1"]

1. g4 d5 2. Bg2 e5 3. c4 d4 4. d3 c6 5. h3 Nf6 6. g5 Nh5 7. h4 Nf4 8. Be4 Bb4+ 9. Nd2 f5 10. gxf6 Qxf6 11. a3 Bxd2+ 12. Bxd2 0-0 13. Bxf4 Qxf4 14. Nf3 Nd7 15. Qd2 Nc5 16. Qxf4 Rxf4 17. Nd2 Bf5 18. Bxf5 Rxf5 19. b4 Ne6 20. Ne4 Raf8 21. Kd2 g6 22. Rag1 Kh8 23. f3 b6 1/2-1/2